Plain SPearsonking (Record no. 301343)

MARC details
000 -LEADER
fixed length control field 00387nam a2200157Ia 4500
008 - FIXED-LENGTH DATA ELEMENTS--GENERAL INFORMATION
fixed length control field 230718s9999 xx 000 0 und d
041 ## - LANGUAGE CODE
Language code of text/sound track or separate title eng
082 ## - DEWEY DECIMAL CLASSIFICATION NUMBER
Classification number 234.132
Item number NAI
100 ## - MAIN ENTRY--PERSONAL NAME
Personal name Naidu N.C.
9 (RLIN) 187032
245 ## - TITLE STATEMENT
Title Plain SPearsonking
260 ## - PUBLICATION, DISTRIBUTION, ETC. (IMPRINT)
Date of publication, distribution, etc. 2000
Name of publisher, distributor, etc. Viking
300 ## - PHYSICAL DESCRIPTION
Extent 261
365 ## - TRADE PRICE
Currency code Rs.
Price amount 395.00
700 ## - ADDED ENTRY--PERSONAL NAME
Personal name Naidu N.C.
9 (RLIN) 187032
906 ## - LOCAL DATA ELEMENT F, LDF (RLIN)
d B:685513-Dec-2000
c OTH
b 59.25
Holdings
Withdrawn status Lost status Damaged status Not for loan Home library Current library Date acquired Vendor Budget Code Cost, normal purchase price Bill number Total Checkouts Full call number Barcode Date last seen Discount Cost, replacement price Bill Date Koha item type Original Barcode
        Cummins College of Engineering for Women Pune Cummins College of Engineering for Women Pune 21/03/2001 Technical Book Services OTH 335.75 6855   234.132 CCEP-BK-12549 18/07/2023 59.25 395.00 13/12/2000 Books 012549